000 01215nam0a22002531i 4500
001 rc\2371768
005 20240726014648.0
035 _a(NLR Aleph) 006601002
090 _a7247750
_c7247750
100 _a20110829d1976 |||y0rusy50 ca
101 0 _arus
102 _aRU
105 _ay d |||||
200 1 _aРазвитие методов экономического обоснования и анализ эффективности совершенствования структуры строительства жилых зданий по конструктивным типам в сейсмических районах
_e(На примере ДагАССР)
_eАвтореф. дис. на соиск. учен. степени канд. экон. наук
_e(08.00.05)
_fНауч.-исслед. ин-т экономики стр-ва
210 _aМосква
_d1976
215 _a24 с.
320 _aСписок работ авт.: с. 23-24 (7 назв.)
700 1 _aЗакаев
_bБ.И.
_gБагаутдин Изиевич
801 0 _aRU
_bNLR
_gpsbo
801 1 _aRU
_bELAR
_2rusmarc
852 _aNLR
_j77-4/3326
899 _aRuMoRGB
_jДр 344/905
899 _aRuMoRGB
_jДр 344/906
942 _cBOOK